00266nam a2200097Ia 45000010005000000080041000050820026000461000011000722450070000832600015001533472241024s9999 xx 000 0 und d a[*SIN CLASIFICACION*] aIDEICE 0aPonencias 3er Congreso IDEICE investigación para el cambio 2012 b2012c2012